Country Flags with the Most Black - Statistics

General Stats
  • This quiz has been taken 97,763 times
    79,115 since last reset
  • The average score is 12 of 14
Answer Stats
Picture Hint Answer % Correct
33.3% Germany
99%
33.3% Belgium
97%
33.1% Jamaica
97%
33.3% Egypt
95%
33.3% Iraq
93%
33.3% Estonia
92%
30.2% Kenya
92%
33.3% Syria
88%
47.2% Angola
84%
31.3% Uganda
84%
33.3% Yemen
80%
48.1% Papua New Guinea
79%
48.9% Libya
78%
29.8% Tanzania
76%
No matching quizzes found
Score Distribution
Percent of People with Each Score
Percentile by Number Answered
Your Score History
You have not taken this quiz since the last reset